[Event "46th Capablanca Memorial Open A"]
[Site "Havana CUB"]
[Date "2010.05.11"]
[Round "1.51"]
[White "Marrero Lopez, Yaniet"]
[Black "Castillo Coca, Mayrebis"]
[Result "0-1"]
[WhiteTitle "WGM"]
[BlackTitle "WFM"]
[WhiteElo "2328"]
[BlackElo "2087"]
[WhiteFideId "3503950"]
[BlackFideId "3511910"]
[EventDate "2011.05.11"]

1. e4 c5 2. Nf3 e6 3. b3 Nc6 4. Bb2 Nf6 5. e5 Nd5 6. Bb5 Be7 7. O-O O-O 8. d3 f6
9. Bxc6 bxc6 10. Nbd2 Qc7 11. c4 Nf4 12. exf6 Bxf6 13. Bxf6 gxf6 14. Ne4 d6 15.
d4 f5 16. Ng3 cxd4 17. Qxd4 e5 18. Qd2 Bb7 19. c5 d5 20. Rfe1 Rae8 21. Qc3 Ng6
22. Nf1 Ba6 23. N1d2 Qg7 24. Kh1 Nf4 25. Nh4 Nd3 26. Rf1 Qg4 27. g3 Qe2 28. Kg1
f4 29. Ndf3 fxg3 30. hxg3 Rxf3 31. Nxf3 Qxf3 32. Qd2 Nf4 0-1

[Event "46th Capablanca Memorial Open A"]
[Site "Havana CUB"]
[Date "2010.05.11"]
[Round "1.52"]
[White "Ubaldo Suarez, Maria Gisela"]
[Black "Morales Romero, Romaris"]
[Result "0-1"]
[WhiteTitle "WIM"]
[BlackTitle "FM"]
[WhiteElo "2079"]
[BlackElo "2323"]
[WhiteFideId "3900630"]
[BlackFideId "3502848"]
[EventDate "2011.05.11"]

1. d4 Nf6 2. c4 g6 3. Nc3 Bg7 4. e4 d6 5. Nf3 O-O 6. Be2 e5 7. O-O Nc6 8. d5 Ne7
9. Ne1 Ne8 10. Nd3 f5 11. f4 exf4 12. Nxf4 fxe4 13. Nxe4 Nf5 14. Kh1 Qe7 15. Bd3
Be5 16. Rb1 Bd7 17. Bd2 Neg7 18. Nh3 h6 19. Qb3 b6 20. Rbe1 Nd4 21. Qd1 Qh4 22.
Re3 Rxf1+ 23. Qxf1 Rf8 24. Qe1 Qxe1+ 25. Rxe1 Bxh3 26. gxh3 Nf3 27. Re2 Nxd2 28.
Rxd2 Nh5 29. Nf2 Nf4 30. Be4 Kg7 31. Bg2 Re8 32. Kg1 Bd4 33. Kf1 Be3 34. Rc2
Bxf2 35. Kxf2 Nd3+ 36. Kg3 Re3+ 37. Bf3 Rxf3+ 0-1

[Event "46th Capablanca Memorial Open A"]
[Site "Havana CUB"]
[Date "2010.05.11"]
[Round "1.53"]
[White "Linares Napoles, Oleiny"]
[Black "Mendoza Velazquez, Lorena Alejan"]
[Result "1-0"]
[WhiteTitle "WGM"]
[BlackTitle "WIM"]
[WhiteElo "2319"]
[BlackElo "2033"]
[WhiteFideId "3504794"]
[BlackFideId "5101794"]
[EventDate "2011.05.11"]

1. c4 c5 2. Nc3 Nc6 3. g3 g6 4. Bg2 Bg7 5. Nf3 e5 6. a3 Nge7 7. b4 cxb4 8. axb4
Nxb4 9. Ba3 Nbc6 10. Nb5 a6 11. Nd6+ Kf8 12. Ng5 f5 13. Ngf7 Qc7 14. Nxh8 Bxh8
15. Qb3 Nd4 16. Qa2 e4 17. c5 Ne6 18. Rc1 Nc6 19. f3 exf3 20. Bxf3 Be5 21. e3
Bxd6 22. cxd6 Qa5 23. O-O Qe5 24. Qb3 Ncd8 25. Bd5 Ke8 26. d4 Qf6 27. Bg2 Rb8
28. Qb6 Nf7 29. Qa7 1-0

[Event "46th Capablanca Memorial Open A"]
[Site "Havana CUB"]
[Date "2010.05.11"]
[Round "1.54"]
[White "Sanchez Comesana, Angelica Maria"]
[Black "Garcia Martinez, Omar"]
[Result "1/2-1/2"]
[BlackTitle "FM"]
[WhiteElo "2019"]
[BlackElo "2318"]
[WhiteFideId "3507742"]
[BlackFideId "3500861"]
[EventDate "2011.05.11"]

1. e4 c5 2. Nf3 Nc6 3. d4 cxd4 4. Nxd4 Nf6 5. Nc3 e5 6. Ndb5 d6 7. Bg5 a6 8. Na3
b5 9. Nd5 Be7 10. Bxf6 Bxf6 11. c4 O-O 12. cxb5 Nd4 13. b6 Bb7 14. Bc4 Rb8 15.
O-O g6 16. b3 Bg7 17. Qd3 Kh8 18. Nc2 Bxd5 19. Bxd5 Nxc2 20. Qxc2 Qxb6 21. Rad1
f5 22. Qd3 Rf6 23. Rc1 a5 24. Rc6 Qb4 25. Rd1 Rbf8 26. f3 1/2-1/2

[Event "46th Capablanca Memorial Open A"]
[Site "Havana CUB"]
[Date "2010.05.12"]
[Round "2.1"]
[White "Ortega Amarelle, Mariano"]
[Black "Nogueiras Santiago, Jesus"]
[Result "1/2-1/2"]
[WhiteTitle "FM"]
[BlackTitle "GM"]
[WhiteElo "2417"]
[BlackElo "2565"]
[WhiteFideId "3504301"]
[BlackFideId "3500020"]
[EventDate "2011.05.11"]

1. d4 e6 2. c4 d5 3. Nf3 Nf6 4. g3 Be7 5. Bg2 O-O 6. O-O b6 7. cxd5 exd5 8. Nc3
Bb7 9. Ne5 Na6 10. Nd3 Qd7 11. Bg5 Rfd8 12. e3 c5 13. Rc1 Ne4 14. Bxe7 Qxe7 15.
Nf4 Nxc3 16. bxc3 Rac8 1/2-1/2

[Event "46th Capablanca Memorial Open A"]
[Site "Havana CUB"]
[Date "2010.05.12"]
[Round "2.2"]
[White "Bacallao Alonso, Yusnel"]
[Black "Quesada Perez, Yasser"]
[Result "1-0"]
[WhiteTitle "IM"]
[BlackTitle "FM"]
[WhiteElo "2530"]
[BlackElo "2401"]
[WhiteFideId "3507416"]
[BlackFideId "3509362"]
[EventDate "2011.05.11"]

1. e4 c5 2. Nf3 d6 3. d4 cxd4 4. Nxd4 Nf6 5. Nc3 Bd7 6. Be3 e5 7. Ndb5 Bc6 8.
Nxa7 Nxe4 9. Nxc6 Nxc3 10. Nxd8 Nxd1 11. Rxd1 Kxd8 12. Bc4 Ke8 13. O-O Be7 14.
f4 f6 15. Rd5 Nc6 16. Rb5 Rb8 17. Bd5 Kd7 18. fxe5 dxe5 19. Rd1 b6 20. Rxb6 Rxb6
21. Bxb6 Rb8 22. Bb3+ Ke8 23. Be3 Nd4 24. Bxd4 exd4 25. Kf2 Bd6 26. c3 Ke7 27.
cxd4 h5 28. h3 h4 29. Rd2 Rb4 30. Ke3 Bc7 31. Kd3 Bb6 32. Bc4 Ba7 33. Re2+ Kd7
34. a4 Bb6 35. b3 Bc7 36. Ra2 Ba5 37. Rf2 Rb8 38. Rf5 Bb4 39. Rh5 Kd6 40. Rxh4
Re8 41. Re4 1-0

[Event "46th Capablanca Memorial Open A"]
[Site "Havana CUB"]
[Date "2010.05.12"]
[Round "2.3"]
[White "Gomez Garrido, Camilo"]
[Black "Figueredo Losada, Leonel"]
[Result "1-0"]
[WhiteTitle "IM"]
[BlackTitle "FM"]
[WhiteElo "2516"]
[BlackElo "2381"]
[WhiteFideId "3507904"]
[BlackFideId "3507971"]
[EventDate "2011.05.11"]

1. e4 c5 2. Nf3 d6 3. d4 cxd4 4. Nxd4 Nf6 5. Nc3 e6 6. g4 a6 7. g5 Nfd7 8. h4 b5
9. a4 bxa4 10. Rxa4 Nc5 11. Ra1 Bb7 12. Bg2 Be7 13. Be3 Qc7 14. Qd2 Nc6 15. Nxc6
Bxc6 16. h5 Qb7 17. Qd4 O-O 18. b4 Nd7 19. O-O Rfc8 20. Rab1 Rab8 21. h6 Bf8 22.
f4 g6 23. Bh3 Re8 24. Qd3 Rbd8 25. Rf2 d5 26. exd5 exd5 27. Bd4 Bb5 28. Nxb5
Qxb5 29. Qxb5 axb5 30. c3 Nb8 31. Bf1 Re6 32. Bxb5 Nc6 33. Bxc6 Rxc6 34. b5 Rc4
35. b6 Rb8 36. b7 1-0

[Event "46th Capablanca Memorial Open A"]
[Site "Havana CUB"]
[Date "2010.05.12"]
[Round "2.4"]
[White "Leyva Rivera, Yunier"]
[Black "Ibarra Chami, Luis Fernando"]
[Result "1/2-1/2"]
[WhiteTitle "FM"]
[BlackTitle "IM"]
[WhiteElo "2382"]
[BlackElo "2514"]
[WhiteFideId "3505065"]
[BlackFideId "5105048"]
[EventDate "2011.05.11"]

1. d4 Nf6 2. c4 g6 3. Nc3 d5 4. cxd5 Nxd5 5. e4 Nxc3 6. bxc3 Bg7 7. Bc4 c5 8.
Ne2 O-O 9. O-O Nc6 10. Be3 Qc7 11. Rc1 Rd8 12. Bf4 Qd7 13. d5 Na5 14. Bd3 b5 15.
Be3 e6 16. Nf4 c4 17. Bb1 Qe7 18. Qf3 e5 19. Ne2 Qh4 20. Qg3 Qxg3 21. Nxg3 Nb7
22. f4 Nd6 23. fxe5 Bxe5 24. Bf4 Re8 25. Bxe5 Rxe5 26. Rf6 Ne8 27. Rf4 Bb7 28.
Rcf1 Nd6 29. Rf6 Rd8 30. h4 h5 31. Bc2 Kg7 32. R1f3 Bc8 33. R6f4 a5 34. a3 Bg4
35. Rf2 Rd7 36. Kh2 Ne8 37. Nf1 Rde7 38. Nd2 f5 39. exf5 Bxf5 40. Bxf5 gxf5 41.
Nf3 Rxd5 42. Nd4 Nd6 43. Nxf5+ Nxf5 44. Rxf5 Rde5 45. R2f3 Kg6 46. Rf6+ Kg7 47.
R6f5 Kg6 1/2-1/2

[Event "46th Capablanca Memorial Open A"]
[Site "Havana CUB"]
[Date "2010.05.12"]
[Round "2.5"]
[White "Mena Crespo, Carlos"]
[Black "Jimenez Fraga, Pedro Alejandro"]
[Result "0-1"]
[WhiteTitle "FM"]
[BlackTitle "FM"]
[WhiteElo "2347"]
[BlackElo "2473"]
[WhiteFideId "3506410"]
[BlackFideId "3508188"]
[EventDate "2011.05.11"]

1. d4 Nf6 2. Nf3 g6 3. g3 Bg7 4. Bg2 O-O 5. c4 d6 6. Nc3 Nc6 7. d5 Na5 8. Nd2 c5
9. O-O a6 10. Qc2 Rb8 11. b3 b5 12. Rb1 bxc4 13. bxc4 Rxb1 14. Ncxb1 e6 15. Bb2
Re8 16. e4 exd5 17. cxd5 Bd7 18. Na3 Qc7 19. Rb1 Rb8 20. Bc3 Rxb1+ 21. Qxb1 Ng4
22. Bxg7 Kxg7 23. Qb2+ f6 24. Bf1 Bc8 25. h3 Ne5 26. f4 c4 27. Qc3 Qc5+ 28. Kg2
Bxh3+ 29. Kxh3 Qg1 30. g4 Nxg4 31. Kh4 Ne3 0-1

[Event "46th Capablanca Memorial Open A"]
[Site "Havana CUB"]
[Date "2010.05.12"]
[Round "2.6"]
[White "Guerra Mendez, Jose Angel"]
[Black "Ordaz Valdes, Lisandra Teresa"]
[Result "0-1"]
[WhiteTitle "IM"]
[BlackTitle "WIM"]
[WhiteElo "2472"]
[BlackElo "2348"]
[WhiteFideId "3508129"]
[BlackFideId "3506940"]
[EventDate "2011.05.11"]

1. e4 e5 2. Nf3 Nf6 3. Nxe5 d6 4. Nf3 Nxe4 5. d4 d5 6. Bd3 Bd6 7. O-O O-O 8. Re1
Bf5 9. c4 c6 10. Qb3 Na6 11. cxd5 cxd5 12. Nc3 Be6 13. a3 Nc7 14. Qc2 f5 15. Ne5
Rc8 16. f3 Qh4 17. Be3 f4 18. fxe4 fxe3 19. Nf3 Rxf3 20. gxf3 dxe4 21. fxe4 Bh3
22. Bf1 Rf8 23. Re2 Ne6 24. Qb3 Rxf1+ 25. Rxf1 Qg4+ 26. Kh1 Bxf1 27. Qd1 Qf3+
28. Kg1 Nf4 29. Qb3+ Kh8 0-1

[Event "46th Capablanca Memorial Open A"]
[Site "Havana CUB"]
[Date "2010.05.12"]
[Round "2.7"]
[White "Yanes Canizares, Alejandro"]
[Black "Perez Rodriguez, Luis Manuel"]
[Result "0-1"]
[BlackTitle "GM"]
[WhiteElo "2330"]
[BlackElo "2466"]
[WhiteFideId "3506134"]
[BlackFideId "3503364"]
[EventDate "2011.05.11"]

1. e4 e5 2. Nf3 Nc6 3. Bb5 a6 4. Ba4 Nf6 5. O-O Be7 6. Re1 d6 7. Bxc6+ bxc6 8.
d4 exd4 9. Nxd4 Bd7 10. Nc3 O-O 11. h3 Re8 12. Qf3 Rb8 13. b3 g6 14. e5 dxe5 15.
Rxe5 c5 16. Bg5 cxd4 17. Rxe7 Qxe7 18. Nd5 Nxd5 19. Bxe7 Nxe7 20. Rd1 c5 21. c3
Bb5 22. cxd4 Nf5 23. Rd2 Nxd4 24. Qf6 Rbd8 25. Qg5 a5 26. Kh2 Ne6 27. Qe3 a4 28.
h4 axb3 29. axb3 Rd4 30. g3 Red8 31. Ra2 Rd1 32. Qf3 h5 33. Ra7 R1d7 34. Rxd7
Rxd7 35. g4 hxg4 36. Qxg4 Rd4 37. Qg3 Be2 38. f3 Rf4 39. h5 g5 40. h6 Bxf3 41.
Qe1 Be4 0-1

[Event "46th Capablanca Memorial Open A"]
[Site "Havana CUB"]
[Date "2010.05.12"]
[Round "2.8"]
[White "Morales Romero, Romaris"]
[Black "De La Paz Perdomo, Frank"]
[Result "1/2-1/2"]
[WhiteTitle "FM"]
[BlackTitle "GM"]
[WhiteElo "2323"]
[BlackElo "2452"]
[WhiteFideId "3502848"]
[BlackFideId "3501833"]
[EventDate "2011.05.11"]

1. d4 Nf6 2. c4 g6 3. g3 Bg7 4. Bg2 O-O 5. Nc3 d6 6. Nf3 Nbd7 7. O-O e5 8. e4 a6
9. Qc2 exd4 10. Nxd4 Re8 11. Rd1 Ne5 12. b3 Bg4 13. Nde2 Nf3+ 14. Kh1 c5 15. Be3
Nd4 16. Bxd4 cxd4 17. Rxd4 Bxe2 18. Qxe2 Ng4 19. Rd3 Bxc3 20. Rf1 Nxh2 1/2-1/2

[Event "46th Capablanca Memorial Open A"]
[Site "Havana CUB"]
[Date "2010.05.12"]
[Round "2.9"]
[White "Martinez Duanny, Lelys Stanley"]
[Black "Guerra Mojena, Leandro"]
[Result "1/2-1/2"]
[WhiteTitle "GM"]
[BlackTitle "FM"]
[WhiteElo "2452"]
[BlackElo "2337"]
[WhiteFideId "3504727"]
[BlackFideId "3513602"]
[EventDate "2011.05.11"]

1. e4 e6 2. d4 d5 3. Nc3 Bb4 4. e5 c5 5. a3 Bxc3+ 6. bxc3 Ne7 7. a4 Nbc6 8. Nf3
Qa5 9. Bd2 Bd7 10. Bd3 Qc7 11. O-O c4 12. Be2 f6 13. Re1 fxe5 14. dxe5 O-O 15.
Bc1 Nxe5 16. Nxe5 Qxe5 17. Ba3 Qf6 18. Bxc4 Rae8 19. Qd2 Qf4 20. Qxf4 Rxf4 21.
Bb5 Bxb5 22. axb5 Nc8 23. Bb4 Kf7 24. Red1 Rd8 25. Rd4 Rxd4 26. cxd4 Kf6 27. Ra3
Rd7 28. Rf3+ Kg6 29. Re3 Kf6 30. Rf3+ Kg6 31. Rg3+ Kf6 32. Bd2 e5 33. dxe5+ Kxe5
34. Re3+ Kf5 35. f4 Re7 36. Rd3 Nb6 37. Kf2 Rc7 38. Rc3 Rxc3 39. Bxc3 Kxf4 40.
Bxg7 Nc4 41. Bh6+ Ke4 42. Bf8 a5 43. bxa6 bxa6 44. Ke2 a5 45. Kd1 Ne3+ 46. Kc1
Nxg2 47. Kb2 Ne3 48. Kb3 a4+ 49. Kb2 h5 50. Be7 Nc4+ 51. Kc3 Ke3 52. Kb4 a3 53.
Kb3 Kd2 54. Bg5+ Kd1 55. c3 Nd2+ 56. Kxa3 Ne4 57. Kb4 Nxg5 58. Kc5 Ke2 59. Kxd5
h4 60. c4 Nf7 61. c5 Nd8 62. c6 Nxc6 63. Kxc6 h3 64. Kd5 Kf2 65. Ke4 Kg2 66. Ke3 1/2-1/2

[Event "46th Capablanca Memorial Open A"]
[Site "Havana CUB"]
[Date "2010.05.12"]
[Round "2.10"]
[White "Borges Mateos, Juan"]
[Black "Rodriguez Garcia, Victor"]
[Result "1/2-1/2"]
[WhiteTitle "GM"]
[BlackTitle "FM"]
[WhiteElo "2451"]
[BlackElo "2331"]
[WhiteFideId "3500160"]
[BlackFideId "3506320"]
[EventDate "2011.05.11"]

1. Nf3 d6 2. d4 Nf6 3. c4 g6 4. Nc3 Bg7 5. g3 O-O 6. Bg2 Nbd7 7. O-O e5 8. Qc2
a6 9. Rd1 exd4 10. Nxd4 Re8 11. b3 Rb8 12. e4 c5 13. Nf3 b5 14. cxb5 axb5 15.
Bf4 Bb7 16. Nd2 b4 17. Nb5 Bxe4 18. Nxe4 Nxe4 19. Nxd6 Nxd6 20. Bxd6 Bxa1 21.
Bxb8 Bd4 22. Bf4 Qf6 23. Qd2 Nf8 24. Be3 1/2-1/2

[Event "46th Capablanca Memorial Open A"]
[Site "Havana CUB"]
[Date "2010.05.12"]
[Round "2.11"]
[White "Perez Garcia, Rodney"]
[Black "Linares Napoles, Oleiny"]
[Result "1/2-1/2"]
[WhiteTitle "IM"]
[BlackTitle "WGM"]
[WhiteElo "2440"]
[BlackElo "2319"]
[WhiteFideId "3500918"]
[BlackFideId "3504794"]
[EventDate "2011.05.11"]

1. e4 d6 2. d4 Nf6 3. Nc3 g6 4. Nf3 Bg7 5. Be2 O-O 6. O-O Bg4 7. h3 Bxf3 8. Bxf3
e5 9. d5 Nbd7 10. a4 a5 11. Be3 Ne8 12. Be2 f5 13. exf5 gxf5 14. f4 Kh8 15. Qd2
Qe7 16. Rae1 Nc5 17. Bb5 e4 18. Ne2 Qf7 19. b3 Nf6 20. Bc4 Qg6 21. Kh2 Qh6 22.
Kg1 Qg6 23. Kh2 Qh6 24. Kg1 1/2-1/2

[Event "46th Capablanca Memorial Open A"]
[Site "Havana CUB"]
[Date "2010.05.12"]
[Round "2.12"]
[White "Sanchez Castillo, Sarai"]
[Black "Quesada Vera, Liordis"]
[Result "0-1"]
[WhiteTitle "IM"]
[BlackTitle "FM"]
[WhiteElo "2268"]
[BlackElo "2438"]
[WhiteFideId "3900754"]
[BlackFideId "3507009"]
[EventDate "2011.05.11"]

1. e4 e6 2. d4 d5 3. Nc3 Nf6 4. Bg5 Bb4 5. e5 h6 6. Bd2 Bxc3 7. bxc3 Ne4 8. Bd3
Nxd2 9. Qxd2 c5 10. f4 Qa5 11. Nf3 Nc6 12. dxc5 Qxc5 13. Nd4 O-O 14. a4 f6 15.
exf6 Rxf6 16. Nb3 Qd6 17. O-O Bd7 18. c4 Raf8 19. g3 Kh8 20. cxd5 exd5 21. Rfe1
Nb4 22. Nd4 Qc5 23. c3 Nxd3 24. Qxd3 Rc8 25. Re3 Re8 26. Rxe8+ Bxe8 27. Kg2 Rb6
28. Re1 Bxa4 29. Re2 Bd7 30. Qe3 Bg4 31. Qe8+ Kh7 32. Ne6 Rxe6 33. Rxe6 Bxe6 34.
Qxe6 Qc6 35. Qf5+ Kg8 36. Kh3 a5 37. Qe5 a4 38. Qe7 Kh7 39. Qb4 Qe6+ 40. g4 Qe3+
41. Kh4 Qxf4 0-1

[Event "46th Capablanca Memorial Open A"]
[Site "Havana CUB"]
[Date "2010.05.12"]
[Round "2.13"]
[White "Rasmussen, Karsten"]
[Black "Estrada Nieto, Julian"]
[Result "1-0"]
[WhiteTitle "IM"]
[BlackTitle "IM"]
[WhiteElo "2434"]
[BlackElo "2316"]
[WhiteFideId "1400088"]
[BlackFideId "5101018"]
[EventDate "2011.05.11"]

1. Nf3 d5 2. c4 dxc4 3. e3 Nf6 4. Bxc4 e6 5. O-O c5 6. Qe2 a6 7. Rd1 Nc6 8. d4
Be7 9. dxc5 Qc7 10. a3 Bxc5 11. b4 Bd6 12. Bb2 Ne5 13. Nbd2 b5 14. Bd3 Nxd3 15.
Qxd3 Bb7 16. Rac1 Qe7 17. Bxf6 gxf6 18. Ne4 Bxe4 19. Qxe4 O-O 20. Rd4 Rad8 21.
Qc6 a5 22. Qxb5 axb4 23. Qh5 f5 24. axb4 f6 25. Qh4 e5 26. Rdc4 Qe6 27. g3 Qd5
28. Qh5 f4 29. exf4 Qd3 30. fxe5 fxe5 31. Nxe5 Bxe5 32. Qxe5 Qf3 33. Qg5+ Kh8
34. Qe3 Qxe3 35. fxe3 Rd2 36. R4c2 Rd3 37. Rc8 Rxc8 38. Rxc8+ Kg7 39. Re8 Kf7
40. Re4 Rd2 41. Rh4 Kg6 42. Kf1 Rb2 43. Ke1 h5 44. Kd1 Kg5 45. Kc1 Re2 46. b5
Rxe3 47. Rb4 Re7 48. b6 Rb7 49. Kd2 Kf5 50. Ke3 Ke5 51. Rb5+ 1-0

[Event "46th Capablanca Memorial Open A"]
[Site "Havana CUB"]
[Date "2010.05.12"]
[Round "2.14"]
[White "Arenas, David"]
[Black "Hernandez Moya, Yuleisis"]
[Result "1-0"]
[WhiteTitle "IM"]
[BlackTitle "WFM"]
[WhiteElo "2427"]
[BlackElo "2174"]
[WhiteFideId "4403177"]
[BlackFideId "3511685"]
[EventDate "2011.05.11"]

1. e4 e6 2. d4 d5 3. Nc3 Bb4 4. e5 c5 5. Bd2 a6 6. a3 Bxc3 7. Bxc3 cxd4 8. Qxd4
Ne7 9. Bd3 Nbc6 10. Qg4 d4 11. Bb4 Nxb4 12. axb4 Qb6 13. b5 Bd7 14. Qxg7 Rg8 15.
Qxh7 Bxb5 16. Ne2 Bxd3 17. Qxd3 Nc6 18. O-O Nxe5 19. Qe4 Qc6 20. Qxc6+ Nxc6 21.
f4 O-O-O 22. Rad1 Rd5 23. Rd2 Rgd8 24. Rfd1 f6 25. Ng3 e5 26. f5 Ne7 27. Rf1 Rb5
28. Ne4 Rb6 29. c3 dxc3 30. Rxd8+ Kxd8 31. bxc3 Ke8 32. g4 Nd5 33. Kf2 Rb2+ 34.
Kg3 Kf7 35. Rd1 Nf4 36. Rd7+ Kf8 37. Nxf6 Rg2+ 38. Kf3 Rxh2 39. g5 Rh1 40. Rxb7
Rf1+ 41. Ke3 Nh3 42. g6 1-0

[Event "46th Capablanca Memorial Open A"]
[Site "Havana CUB"]
[Date "2010.05.12"]
[Round "2.15"]
[White "Aguero Jimenez, Luis Lazaro"]
[Black "Miranda Rodriguez, Tania"]
[Result "1-0"]
[WhiteTitle "IM"]
[BlackTitle "WFM"]
[WhiteElo "2420"]
[BlackElo "2167"]
[WhiteFideId "3508455"]
[BlackFideId "3510417"]
[EventDate "2011.05.11"]

1. e4 c5 2. Nf3 d6 3. d4 cxd4 4. Nxd4 Nf6 5. Nc3 e6 6. Be2 a6 7. a4 Be7 8. O-O
O-O 9. Be3 Qc7 10. f4 Nc6 11. Kh1 Rd8 12. Bf3 Ne5 13. Qe2 Nxf3 14. gxf3 b6 15.
Rg1 Ne8 16. f5 Bf6 17. Qf2 Rb8 18. Bg5 Qc5 19. Bxf6 Nxf6 20. Qh4 Qxd4 21. Rad1
Qe3 22. Rd3 Qc5 23. b4 Qc7 24. Qxf6 g6 25. Qh4 Rd7 26. Qh3 exf5 27. Nd5 Qd8 28.
exf5 Bb7 29. fxg6 hxg6 30. Qxd7 1-0

[Event "46th Capablanca Memorial Open A"]
[Site "Havana CUB"]
[Date "2010.05.12"]
[Round "2.16"]
[White "Castillo Coca, Mayrebis"]
[Black "Garrido Dominguez, Jesus"]
[Result "1-0"]
[WhiteTitle "WFM"]
[BlackTitle "IM"]
[WhiteElo "2087"]
[BlackElo "2417"]
[WhiteFideId "3511910"]
[BlackFideId "2254174"]
[EventDate "2011.05.11"]

1. d4 d6 2. Nf3 Nf6 3. Bg5 g6 4. e3 Bg7 5. Be2 O-O 6. O-O b6 7. h3 Bb7 8. c4 c5
9. Nc3 Nh5 10. Ne1 h6 11. Bh4 cxd4 12. exd4 Nf4 13. Bf3 Qd7 14. Bg3 Ne6 15. Nc2
Bxf3 16. Qxf3 Nxd4 17. Nxd4 Bxd4 18. Rad1 Bxc3 19. Qxc3 Nc6 20. Rfe1 Rad8 21. b4
Rde8 22. c5 bxc5 23. bxc5 d5 24. Qd2 d4 25. Qxh6 e5 26. Re4 f5 27. Qxg6+ Qg7 28.
Qxc6 fxe4 29. Qxe4 Qh7 30. Qg4+ Qg7 31. Qe4 Qg5 32. Qd5+ Kg7 33. Rxd4 Rd8 34.
Qxe5+ Qxe5 35. Bxe5+ Kf7 36. Bd6 Rfe8 37. Kf1 Kg6 38. g4 Rh8 39. Kg2 Rde8 40.
Ra4 Rh7 41. c6 Re2 42. c7 Rc2 43. Rxa7 1-0

[Event "46th Capablanca Memorial Open A"]
[Site "Havana CUB"]
[Date "2010.05.12"]
[Round "2.17"]
[White "Machado Escanio, Michel"]
[Black "Luther, Thomas"]
[Result "1/2-1/2"]
[WhiteTitle "FM"]
[BlackTitle "GM"]
[WhiteElo "2309"]
[BlackElo "2525"]
[WhiteFideId "3506290"]
[BlackFideId "4611420"]
[EventDate "2011.05.11"]

1. d4 e6 2. Nf3 d5 3. c4 Nf6 4. Nc3 Bb4 5. cxd5 exd5 6. Bg5 Nbd7 7. e3 c5 8. Qc2
Qa5 9. Bd3 c4 10. Bf5 O-O 11. O-O Re8 12. Nd2 g6 13. Bh3 Kg7 14. a3 Bxc3 15.
Qxc3 Qxc3 16. bxc3 Nb6 17. Bxc8 Raxc8 18. a4 Ne4 19. Nxe4 dxe4 20. Rfb1 h6 21.
Bf4 Re7 22. Rb5 Rd7 23. Ra3 g5 24. Bg3 Nd5 25. a5 f6 26. Kf1 Kf7 27. Ke2 Ke6 28.
f3 f5 29. Be5 h5 30. Kd2 Rf7 31. Ke2 Rc6 32. Bb8 b6 33. axb6 Rxb6 34. Rxb6+ axb6
35. Be5 Rb7 36. Kd2 b5 37. Ra6+ Rb6 38. Rxb6+ Nxb6 39. Bc7 Nd5 40. Bd8 g4 41.
fxe4 fxe4 42. Ba5 Ne7 43. Bb4 Nf5 44. Ke2 Kd5 45. Bf8 Kc6 1/2-1/2

[Event "46th Capablanca Memorial Open A"]
[Site "Havana CUB"]
[Date "2010.05.12"]
[Round "2.18"]
[White "Gonzalez Vidal, Yuri"]
[Black "Davila, Carlos"]
[Result "1-0"]
[WhiteTitle "GM"]
[BlackTitle "IM"]
[WhiteElo "2504"]
[BlackElo "2307"]
[WhiteFideId "3503321"]
[BlackFideId "6100040"]
[EventDate "2011.05.11"]

1. e4 e5 2. Nf3 Nf6 3. Nxe5 d6 4. Nf3 Nxe4 5. Bd3 Nf6 6. h3 Be7 7. O-O O-O 8. c3
Nbd7 9. Bc2 b6 10. Nd4 Bb7 11. Ba4 Nc5 12. Nc6 Qd7 13. Nxe7+ Qxe7 14. Bc2 Qd7
15. d4 Qc6 16. f3 Ne6 17. Na3 b5 18. Rf2 a5 19. Bd2 b4 20. cxb4 axb4 21. Bxb4
Qd5 22. Bb3 Qxd4 23. Qxd4 Nxd4 24. Bc4 Ne6 25. Rd1 Rfd8 26. Bc3 d5 27. Bxf6 gxf6
28. Bd3 c5 29. Bb1 Bc6 30. Nc2 Rab8 31. Ne3 Nf4 32. Kh2 Re8 33. Nf5 Kf8 34. Rc1
Ne6 35. b3 d4 36. Kg3 Red8 37. Be4 Bxe4 38. fxe4 Ng5 39. Kf4 Re8 40. Ng3 Ne6+
41. Kg4 Ke7 42. Nh5 Rg8+ 43. Kh4 Rg5 44. Nxf6 Re5 45. g4 Ra8 46. Nd5+ Kf8 47.
Nf6 Ke7 48. Rcf1 Kd6 49. Nd5 Kc6 50. Re1 Ng5 51. Rf6+ Kb7 52. a4 Ra6 53. Ref1
Rxf6 54. Rxf6 Nxe4 55. Rxf7+ Ka6 56. Nf4 c4 57. bxc4 Nc5 58. Rf5 Rxf5 59. gxf5
d3 60. Nxd3 Nxd3 61. Kg5 Ka5 62. Kh6 Kxa4 63. Kxh7 Kb4 64. f6 Ne5 65. Kg8 1-0

[Event "46th Capablanca Memorial Open A"]
[Site "Havana CUB"]
[Date "2010.05.12"]
[Round "2.19"]
[White "Mendez Fortes, Eduardo Jesus"]
[Black "Oms Pallisse, Josep"]
[Result "1/2-1/2"]
[WhiteTitle "FM"]
[BlackTitle "GM"]
[WhiteElo "2316"]
[BlackElo "2501"]
[WhiteFideId "3502376"]
[BlackFideId "2205521"]
[EventDate "2011.05.11"]

1. e4 e5 2. Nf3 Nc6 3. Bb5 a6 4. Ba4 Nf6 5. O-O Be7 6. Re1 b5 7. Bb3 d6 8. c3
O-O 9. h3 Nb8 10. d4 Nbd7 11. Nbd2 Bb7 12. Bc2 Re8 13. Nf1 Bf8 14. Ng3 g6 15.
Bg5 Bg7 16. Qd2 Qe7 17. Nh2 Qf8 18. f3 h6 19. Be3 h5 20. a4 Nb6 21. dxe5 dxe5
22. Qf2 Nbd7 23. axb5 axb5 24. Qf1 c6 25. Rxa8 Rxa8 26. Ra1 Bh6 27. Bxh6 Qxh6
28. Rxa8+ Bxa8 29. Qe1 h4 30. Ngf1 Bb7 31. Qe3 Qxe3+ 32. Nxe3 Kg7 33. Kf2 Nh5
34. Nhf1 Nf4 35. Nd2 Nc5 36. b4 Ncd3+ 37. Bxd3 Nxd3+ 38. Ke2 Nf4+ 39. Kf2 c5 40.
bxc5 Nd3+ 41. Ke2 Nxc5 42. Nc2 f5 43. Ke3 Kf6 44. Nb4 Ke6 45. exf5+ gxf5 46. c4
f4+ 47. Kf2 e4 48. fxe4 bxc4 49. Nxc4 Nxe4+ 50. Kg1 Ng5 51. Nd3 1/2-1/2